| 000 | 00353nam a2200145Ia 4500 | ||
|---|---|---|---|
| 008 | 221030s9999 xx 000 0 und d | ||
| 020 | _a9380298515 | ||
| 041 | _aEnglish | ||
| 100 | _aN. P. Bali | ||
| 245 | 0 |
_aIntegral Calculus _cby N. P. Bali |
|
| 260 |
_bFirewall Media _aNew Delhi _c2016 |
||
| 300 | _a742 | ||
| 650 | _aBE Mathematics | ||
| 942 | _cBK | ||
| 999 |
_c17372 _d17372 |
||